000 00781cab a2200253 4500
001 ABS57469
008 090401t1997 xxu||||| |||| 00| 0 eng d
035 _a(Sirsi) u80254
041 _aeng
100 _aBall, J
245 _aLearning the benefits of PFI
260 _c1997
350 _a0
490 _aPFI Intelligence Bulletin
_v2(6) July 1997, 16-17(2)
520 _aConsiders the benefits of PFI in the education sector. Part of a series looking at how the initiative is starting to take off in different sectors.
650 _aEDUCATION SECTOR
650 _aFUNDING
650 _aPATHFINDER
650 _aPRIVATE FINANCE INITIATIVE
650 _aPUBLIC FUNDING
690 _aPROPERTY-PROPERTY FINANCE AND INVESTMENT
942 _n0
948 _c14/08/1997
999 _c50521
_d50521